00485 a2200181 450000100060000002000150000604000240002110000210004524000270006624500220009330000080011536200090012344000120013265000310014494200070017595201040018299900170028670223 a8508092482 cAnchieta - Itaigara aBelinky, Tatiana10aOnde já se viu?lpor10aOnde já se viu? a1190 a2004 1aÁtica 4aLiteratura infanto-juvenil cBK 00104070a88.1b88.1d2023-11-21l0o028.5 BEL ONDp3460/ITAr2023-11-21 20:05:10w2023-11-21yBK c70223d70223